| 000 | 01540ccm a2200469 ia4500 | ||
|---|---|---|---|
| 001 | 22717 | ||
| 003 | CZ PrNK | ||
| 005 | 20260421151907.0 | ||
| 007 | qu | ||
| 008 | 021126s1997 xr cyg e nn cze | ||
| 015 | _acnb001194698 | ||
| 024 | 2 |
_aM-706509-00-6 _q(díl 1 ; _qvázáno) |
|
| 024 | 2 |
_aM-706509-01-3 _q(díl 2 ; _qvázáno) |
|
| 040 |
_aABA001 _bcze _erda |
||
| 048 | _avn01 | ||
| 072 | 7 |
_a78.011.26 _xPopulární hudba. Populární písně. Populární taneční hudba _2Konspekt |
|
| 080 |
_a78.03.011.26 _2MRF |
||
| 080 |
_a78.036.011.26 _2MRF |
||
| 080 |
_a(0:82-192) _2MRF |
||
| 245 | 0 | 0 | _aMichal Tučný, Tak odjíždí poslední kovboj... |
| 246 | 3 | 0 | _aTak odjíždí poslední kovboj... |
| 250 | _aPrvní vydání | ||
| 264 | 1 |
_aCheb : _bG & W, _c1997 |
|
| 300 |
_a2 svazky : _bfotografie ; _c21 cm |
||
| 336 |
_azápis hudby _bntm _2rdacontent |
||
| 337 |
_abez média _bn _2rdamedia |
||
| 338 |
_asvazek _bnc _2rdacarrier |
||
| 382 | 0 | 1 |
_azpěv _n1 _vakordické značky _s1 |
| 490 | 1 | _aLegendy české country | |
| 500 | _aObsahuje diskografii | ||
| 500 | _aV roce 2001 dotisk 2. dílu | ||
| 505 | 0 | _a1. díl. 1 zpěvník (155 stran) -- 2. díl. 1 zpěvník (165 stran) | |
| 648 | 7 |
_a1951-2000 _2czenas |
|
| 650 | 0 | 7 |
_apopulární hudba _zČesko _y1951-2000 _2czenas |
| 655 | 7 |
_acountry music _2czenas |
|
| 655 | 7 |
_azpěvníky _2czenas |
|
| 700 | 1 |
_aTučný, Michal, _d1947-1995 _4sng |
|
| 830 | 0 | _aLegendy české country | |
| 901 |
_f1. vyd. _o20021127 |
||
| 910 | _aABA001 | ||
| 942 |
_2ddc _cKLDO _n0 |
||
| 999 |
_c22717 _d22717 |
||